[Event "BCF-ch 82nd"]
[Site "Swansea"]
[Date "1995.??.??"]
[Round "7"]
[White "Arkell, Keith C"]
[Black "Summerscale, Aaron"]
[Result "1-0"]
[WhiteElo "2505"]
[BlackElo "2455"]
[Annotator "Bulletin"]
[PlyCount "99"]
[EventDate "1995.08.??"]
[EventType "swiss"]
[EventRounds "11"]
[EventCountry "WLS"]
[SourceTitle "EXT 1997"]
[Source "ChessBase"]
[SourceDate "1996.11.15"]
[SourceVersion "1"]
[SourceVersionDate "1996.11.15"]
[SourceQuality "1"]

1. d4 d5 2. c4 c6 3. Nf3 dxc4 4. a4 b5 5. e3 e6 6. b3 b4 7. Bxc4 Nf6 8. O-O
Nbd7 9. Nbd2 c5 10. Bb2 Bb7 11. Qe2 cxd4 12. Nxd4 Bd6 13. Ba6 {Keith plays to
make the b4 pawn a liability, swopping white squared bishops is the first stage
} Bxa6 14. Qxa6 Qb8 15. h3 O-O 16. Nc4 Bc5 17. Nc6 Qc8 18. Qxc8 Rfxc8 19. N6e5
Nxe5 20. Bxe5 {White has a slight edge due to his good knight on c4 but now 20.
.Nd5 and if required ..Nb6 would reduce White's edge to a minimum, instead
Black goes for bishop v knight,} Nd7 21. Rfd1 Nxe5 22. Nxe5 Be7 23. Nc4 Rc7 (
23... Rd8) 24. Rd3 Kf8 25. Rad1 Ke8 26. e4 Rac8 27. Kf1 {Black has gone
totally passive but with weaknesses on one side of the board only (b4), White
needs to do something elsewhere.} Bf8 28. Ke2 Be7 29. f4 Bf8 (29... h5) 30. g4
Be7 31. Kf3 Rb8 32. h4 {[#] Placing black in a dilemna, if he sits tight then
h5, g5 Kg4 and f5 looks very frightening.} Bxh4 33. g5 f6 34. Kg4 Bf2 35. Rh1
Rd8 36. Rxd8+ Kxd8 37. Rxh7 {The white king threatens to come to g6} Re7 38.
Rh8+ Kc7 39. Rf8 Kc6 $2 40. gxf6 gxf6 41. Rxf6 Kc5 42. Ne5 Rg7+ 43. Kf3 Bh4 44.
Rg6 Rc7 45. Rh6 Be7 46. Rxe6 Kd4 47. Nc6+ Kc3 48. Nxe7 Kxb3 49. Nd5 Rb7 50. a5
{Another superb endgame from Arkell who deservedly takes the sole lead} 1-0

[Event "Bugojno"]
[Site "Bugojno"]
[Date "1978.03.13"]
[Round "13"]
[White "Vukic, Milan"]
[Black "Timman, Jan H"]
[Result "1/2-1/2"]
[WhiteElo "2480"]
[BlackElo "2585"]
[Annotator "Bulletin"]
[PlyCount "42"]
[EventDate "1978.02.27"]
[EventType "tourn"]
[EventRounds "15"]
[EventCountry "YUG"]
[EventCategory "14"]
[SourceTitle "MCL"]
[Source "ChessBase"]
[SourceDate "1999.07.01"]
[SourceVersion "1"]
[SourceVersionDate "1999.07.01"]
[SourceQuality "1"]

1. Nf3 d5 2. g3 Bg4 3. Bg2 Nd7 4. c4 e6 5. b3 Ngf6 6. Bb2 Bd6 (6... Be7 7. O-O
c6 8. d4 O-O 9. Nbd2 Bh5 10. Ne1 Bd6 11. Nd3 Qe7 12. Ne5 Rfd8 13. h3 Ba3 $10 {
Barczay-Timman, Wijk aan Zee 1977}) 7. O-O c6 8. d4 O-O 9. Ne5 Bf5 10. Nd3 Qe7
11. Nd2 Bxd3 12. exd3 Ba3 13. Bc3 Bb4 14. Bb2 Ba3 15. Bc3 a5 16. Nb1 Bd6 17. a3
b6 18. Re1 Rfc8 19. Qd2 Qf8 20. Qb2 Ra7 21. Nd2 Rca8 1/2-1/2

[Event "POL-ch 52nd"]
[Site "Warsaw"]
[Date "1995.??.??"]
[Round "6"]
[White "Weglarz, Leszek"]
[Black "Kuczynski, Robert"]
[Result "1/2-1/2"]
[WhiteElo "2365"]
[BlackElo "2510"]
[Annotator "Bulletin"]
[PlyCount "82"]
[EventDate "1995.02.11"]
[EventType "tourn"]
[EventRounds "17"]
[EventCountry "POL"]
[EventCategory "8"]
[SourceTitle "EXT 1999"]
[Source "ChessBase"]
[SourceDate "1998.11.16"]
[SourceVersion "1"]
[SourceVersionDate "1998.11.16"]
[SourceQuality "1"]

1. d4 d5 2. c4 c6 3. Nf3 dxc4 4. e3 b5 5. a4 e6 6. b3 Bb4+ 7. Bd2 Bxd2+ 8.
Nfxd2 a5 9. bxc4 b4 10. c5 Nf6 11. Nc4 O-O 12. Be2 Ba6 13. O-O Nd5 14. Nd6 f5
15. Bxa6 Rxa6 (15... Nxa6) 16. Nd2 Ra7 17. Qb3 Qf6 18. Rae1 Kh8 19. N2c4 f4 20.
Ne5 Rc7 21. Ne4 Qh6 22. exf4 Nxf4 23. g3 Nd5 (23... Qh3 $2 24. Qf3 $18) 24. f4
Nd7 25. Ng5 Nxe5 26. Rxe5 Re7 27. Rfe1 Nc7 28. Qf3 (28. Nxe6) 28... Nd5 29.
Nxe6 Rfe8 30. Ng5 Qg6 31. Ne4 Rxe5 32. dxe5 Rb8 $1 33. f5 $6 (33. Rb1) 33...
Qh6 34. Qb3 Rf8 35. Nd6 Qd2 36. Rd1 Qe2 37. Rxd5 Qe1+ 38. Kg2 Qe2+ 39. Kg1 cxd5
40. Qxd5 Qe1+ 41. Kg2 Qe2+ 1/2-1/2

[Event "EU-chT (Men) 10th"]
[Site "Debrecen"]
[Date "1992.11.??"]
[Round "5.2"]
[White "Skembris, Spyridon"]
[Black "Titov, German1"]
[Result "1-0"]
[WhiteElo "2530"]
[BlackElo "2490"]
[Annotator "Bulletin"]
[PlyCount "45"]
[EventDate "1992.11.20"]
[EventType "team-swiss"]
[EventRounds "9"]
[EventCountry "HUN"]
[SourceTitle "EU-chT"]
[Source "ChessBase"]
[SourceDate "1999.07.01"]
[SourceVersion "2"]
[SourceVersionDate "1999.07.01"]
[SourceQuality "1"]
[WhiteTeam "Greece"]
[BlackTeam "Moldova"]
[WhiteTeamCountry "GRE"]
[BlackTeamCountry "MDA"]

1. Nf3 Nf6 2. d4 d5 3. c4 c6 4. Qc2 g6 5. Bf4 Bf5 6. Qb3 Qb6 7. e3 Na6 (7...
Bxb1 8. Rxb1 e6 9. h3 $5 $14) (7... Nbd7 8. Nc3 e6 9. h3 $5 {/\ c5+/=}) 8. Nc3
Nb4 $5 (8... Qxb3) 9. c5 $1 Nd3+ (9... Nc2+ $4 10. Qxc2 $18) (9... Bc2 $4 10.
Qa3 $1 $18) (9... Qa5 $6 10. Rc1 {/\ a3+-} Bc8 $8 (10... b6 11. Ne5 Rc8 12. a3
Na6 13. Nxc6 $1 Rxc6 14. Qb5 $18) 11. Be2 $16) 10. Bxd3 Qxb3 11. axb3 Bxd3 12.
Ne5 $14 Bf5 (12... Ba6 $4 13. Nxc6 $18) (12... Bb5 13. Nxb5 cxb5 14. Ra5 a6 15.
Ke2 {/\ Rha1, c6+-}) 13. b4 Nd7 $1 (13... Ne4 14. b5 $1 Nxc3 15. bxc6 $1 bxc6
16. bxc3 Bd7 17. Ra6 $18) (13... Nh5 14. b5 Nxf4 15. exf4 f6 16. bxc6 bxc6 (
16... fxe5 17. cxb7 Rb8 18. c6 $18) 17. Nxc6 $18) 14. b5 Nxe5 (14... Nb8 15.
Na4 $18 {><b6}) (14... f6 15. bxc6 fxe5 16. cxb7 $1 Rb8 17. c6 $18) 15. Bxe5 f6
16. Bg3 $1 e5 $5 (16... Bd7 17. b4 $16) (16... Bg7 17. b4 $16) 17. dxe5 $5 (17.
b4 $6 exd4 18. exd4 Bh6 {/\ Kd7, Rhe8<=> עe1, <->e}) 17... Bxc5 18. O-O $1 Kf7
(18... fxe5 $14) 19. Rfc1 Rhc8 (19... Be7 20. bxc6 bxc6 21. Ra6 $16 {><a7, c6})
(19... fxe5 $5 20. Bxe5 Rhc8 $14) 20. exf6 $5 Kxf6 $6 (20... Bb4 $14) 21. bxc6
bxc6 22. Ra6 $16 {><a7, c6} Ke7 $2 (22... Ke6 23. Nxd5 $1 Kxd5 24. Ra5 $18) (
22... Bd3 23. Nxd5+ Kf7 24. Ra5 cxd5 25. Raxc5 $18) (22... Kf7 23. Na4 Bb4 24.
Raxc6 Bd7 $1 25. Rc7 Ke8 $16) 23. Nxd5+ $1 $18 (23. Nxd5+ cxd5 24. Rxc5 Rxc5
25. Bd6+ {><a7}) (23. Na4 $2 Bb4 24. Raxc6 Rxc6 25. Rxc6 Bd7 26. Rc7 Rc8 $1 $10
{^^}) 1-0

[Event "Corus"]
[Site "Wijk aan Zee"]
[Date "2009.01.24"]
[Round "7"]
[White "Morozevich, Alexander"]
[Black "Smeets, Jan"]
[Result "1-0"]
[WhiteElo "2771"]
[BlackElo "2601"]
[Annotator "CB"]
[PlyCount "97"]
[EventDate "2009.01.17"]
[EventType "tourn"]
[EventRounds "13"]
[EventCountry "NED"]
[EventCategory "19"]
[SourceTitle "CBM 129"]
[Source "ChessBase"]
[SourceDate "2009.03.25"]
[SourceVersion "1"]
[SourceVersionDate "2009.03.25"]
[SourceQuality "1"]

1. d4 d5 2. c4 c6 3. Nf3 Nf6 4. e3 {I like sasha's caution! Yesterday, he
playe too adventurously, even casually, and paid the price.Today, it seems, he
has taken himself in hand and is playing solidly.} Bg4 5. Qb3 {A slight
side-step, looking to avoid well-known paths as soon as possible. Sasha wants
to avoid a memory test, and just play chess.} Qb6 6. Nc3 {It is not in either
side's interest to exchange queens at present, as this would improve the
opponent's pawn structure.} e6 7. Nh4 {Going after Black's light-squared
bishop.} Bh5 8. h3 g5 ({A very sharp move! The game Carlsen-Movsesian, earlier
this week, continued} 8... Nbd7 9. g4 Bg6 10. g5 Ng8 11. Nxg6 hxg6 12. Qc2 Ne7
13. Bd2 Nf5 14. cxd5 cxd5 15. Nb5 Bd6 16. Qa4 a6 17. Rc1 Ke7 18. Nxd6 Nxd6 {
and Black, rather surprisingly, demonstrated that the two knighst can fight
successfully against White's two bishops.}) 9. Nf3 ({Again played quiety. The
game Gonzales-Savchenko, Palma 2008, went} 9. g4 gxh4 10. gxh5 Rg8 11. Be2 Nbd7
12. Bd2 Qc7 13. cxd5 exd5 14. Rc1 Nb6 15. Qc2 Qe7 16. b4 Qe6 17. b5 c5 18. Kf1
Nc4 {and Black eventually won a sharp game.}) 9... h6 10. g4 ({Sasha lurches
forward. One cannot forever restrain one's temperament. The source game
continued} 10. Ne5 Nfd7 11. Nd3 Bg6 12. Bd2 Na6 13. Rc1 Qxb3 14. axb3 Nb4 15.
Nxb4 Bxb4 16. h4 O-O 17. cxd5 exd5 18. Be2 a6 {and Black had no problems. Wang
Yue - Aronian, Dresden 2008}) 10... Bg6 11. h4 {Attack at all costs! Frankly,
though, it seems to me that this move leads only to numerous exchanges and a
draw. But let us see.} Qxb3 ({A small concession. However, after Впро~~ем,
после} 11... Nxg4 12. hxg5 Na6 {White can force the queen exchange by} 13. c5
$1) 12. axb3 Rg8 ({Smeets believes his opponent. After} 12... Nxg4 13. hxg5 {
White has the cunning idea of trapping the knight on g4 by means of Nf3-g1 and
f2-f3, eg} Na6 14. c5 Nb4 15. Ra4 Nd3+ $2 ({But stronger is} 15... a5 {though
here Black has to calculate a long forced variation:} 16. Ng1 Bd3 {'!'} 17. f3
Nc2+ 18. Kd2 Bxf1 19. Kxc2 Nf2 $1 20. Rh2 Nd3 {'!'} 21. Bd2 Nb4+ {and the
king's knight escapes to the queenside!}) 16. Bxd3 Bxd3 17. Ng1 $1 {and White
emerges with an extra piece.}) 13. hxg5 hxg5 {Now the mutual capture of the
g-pawns will just lead to equality. But Sasha is spending time, loking for
something better.} 14. c5 {A sensible reaction. White intends b4-b5, with
strong pressure on the queenside. Smeets' exaggerated respect for his opponent
may turn out badly for him.} (14. Nxg5 Bc2 $1 {is not dangerous for Black.}) ({
It is tempting to examine} 14. Ne5 Bc2 15. c5 {but it is very hard to analyse
to the end the daring capture} Bxb3 $5 {After} 16. Bd3 {the black bishop is in
trouble, but he can play} Nbd7 17. Ra3 Nxe5 18. dxe5 Nd7 19. Rxb3 Nxc5 20. Bc2
Nxb3 21. Bxb3 {and I am not sure how to evaluate this unusual position.
Probably, Black is OK.}) 14... Nxg4 ({I don't see any alternative. Black
cannot hold up the queenside advance:} 14... Nbd7 15. b4 a6 16. b5 $1) 15. b4 (
{Morozevich rushes it! he does not believe it necessary to regain the pawn. I
am not sure that his compensation is so significant, however. It seems to me
that the simple line is more promising:} 15. Nxg5 {', например,'} Bc2 16. Nf3
Bxb3 17. Bd3 {Looking deeper, I found an improvement for Black:} Nd7 (17... Na6
{and the threat of the knight jump to b4 forces White to part with one of his
bishops.} 18. Bxa6 bxa6 19. Rxa6 Kd7 20. Rg1 f6 {and it is difficult to find
resources for White to develop his initiative.}) 18. Nd2 Bc4 19. Nxc4 dxc4 20.
Bxc4 {and White has a clear advantage, thanks to his two bishops and
superiority in the centre.}) 15... f6 {Agreed! A good reply. By defending his
pawn on g5, Black enables the knight to return via h6.} ({After} 15... Be7 {
the knight would be stuck on g4 for a long time.}) 16. b5 {An important moment.
How should Black meet his opponent's queenside attack? He has no time to waste.
If the second white b-pawn reaches b5, White will have a large advantage.
Black needs to meet this by playing a6, cxb5, and putting a knight on c6 and
his king on d7. I do not see any other way.} cxb5 ({The same idea, but in a
less convincing form. I was looking at} 16... a6 $1 17. b4 cxb5 18. Bxb5+ (18.
Nxb5 Kd7) 18... Nc6 {and did not find anything special for White.}) 17. Rg1 ({
After} 17. Bxb5+ Nc6 {the striking} 18. Ra6 {does not bring anything after}
O-O-O $1) 17... Nh6 {Played carefully.} ({Also not bad is} 17... Bf5) ({
and even} 17... Bh5 {but approaching time-trouble makes Black hurry things.})
18. Nxb5 Kd7 19. Rxa7 {He has to recapture the pawn.} Rxa7 20. Nxa7 Nc6 21.
Nxc6 ({Too slow is} 21. Nb5 Nb4 $1) 21... bxc6 {Each side's weaknesses roughly
cancel each other out.} 22. b4 {White has a pawn majority on the queenside.
But at present, the infantry lack artillery support, and by themselves they
cannot win the battle.} Be7 {Played after quite long thought. I believe the
position is about equal and a repetition may be forced. A depressing prospect
for the Muscovite! He ahs too few points, and is much the higher-rated player..
.But I fear that sasha may overdo things in trying to avoid a draw.} ({My
analysis managed to cast doubts on the alternative} 22... Bg7 23. b5 cxb5 24.
Bxb5+ Kc7 25. Bd2 Ra8 26. Nxg5 $1 Ra1+ 27. Ke2 Rxg1 28. Nxe6+ Kc8 29. Nxg7 {
and hite's two pawns are worth more than Black's extra exchange.}) 23. Kd2 ({
Here is the line which leads to an early dinner:} 23. b5 cxb5 24. Bxb5+ Kc7 25.
Bd2 Ra8 26. Ke2 Ra2 27. Rh1 Ng4 28. Rh8 e5 (28... Be4 29. Re8 $1) 29. Rg8 Bh5
30. Rh8 Bg6 31. Rg8 {etc.}) 23... Be4 ({The rook penetration does not lead to
success:} 23... Ra8 24. Bb2 Ra2 $6 25. Kc3 $1) 24. Ne1 ({An equal ending
results from} 24. Be2 g4 25. Nh2 f5 26. f3) 24... g4 $1 {Black successfully
exploits White's slowness.} 25. Kc3 $2 {But this is dubious, if not downright
bad.} ({Morozevich should have maintained equality by} 25. Be2 f5 26. f3) 25...
f5 {The bishop comes to h4 and Black develops strong pressure.} 26. Nd3 $6 {
Continuing to drift.} ({He should defend by} 26. Be2 Bh4 27. Rf1 {so as to put
the king on b3 and play f2-f3.}) 26... Bh4 $1 {The f2 pawn is on the verge of
extinction. White now needs study-like accuracy to save the game. Clearly, he
needs to find a way to sacrifice the f2 pawn and create piece counterplay. In
time-trouble this is the best chance. Clock times are 0.22-0.14.} 27. f4 $2 {
Seemingly another oversight.} ({More stubborn was} 27. Ne5+ Kc7 28. Bg2 $1 Bxf2
29. Rh1 Rh8 30. Bxe4 dxe4 31. Ng6 {'='} g3 $1 (31... Rh7 32. Nf8 Rh8 33. Ng6 {=
}) 32. Nxh8 g2 33. Rd1 Ng4 34. Ng6 {Black has the initiative, but I cannot see
a clear win. White seems to have time to win the e6 pawn with his knight.})
27... gxf3 {I think Black would retain a serious advantage by keeping the pawn
on g4. But taking on f3 is even stronger.} 28. Rh1 (28. Ne5+ Kc7 29. Rh1 f2 $1
30. Rxh4 Rg1) 28... Bg5 $2 {Jan is getting nervous!} ({He could secure a
decisive advantage by} 28... Nf7 $1 29. Rxh4 Rg1) 29. Ne5+ Kc7 {Times:0.16 - 0.
06. There are still many moves to make to the time control, and so, many
chances to go wrong.} 30. Rh3 Ra8 $2 ({Correct was} 30... f2 $1 31. Rh2 Bf6 $1
32. Rxf2 Bxe5 33. dxe5 Rg1 {and White will lose the e5 pawn, since after} 34.
Rf4 Ng4 35. Kd4 $2 Nh2 $1 {he loses a piece.}) 31. Nxf3 Bxf3 32. Rxf3 {Now the
worst is behind White.} Ra2 {Black retains some slight pressure, but nothing
too serious.} 33. Rh3 {Accurately played.} ({Trying to take the initiative by} 
33. Rg3 Ng4 34. Bh3 {rebounds:} Bh4 $1 35. Rg1 Bf2 36. Rg2 Nxe3 $1 37. Rxf2 (
37. Bxe3 Ra3+ $1) 37... Rxf2 38. Bxe3 Rf3) 33... Ng4 34. b5 {Morozevich
returns to the right idea. Passive defence of e3 could lead to new problems.}
cxb5 35. Bxb5 Rh2 {In serious time-trouble, Jan hurries to simplify.} ({
Stronger was} 35... Bh6) 36. Rxh2 Nxh2 37. Kd3 {The initiative has passed to
White.} Ng4 38. Bd2 {The bishops are ready to drive off the black kin and
support their passed pawn.} Bh4 {An accurate manoeuvre. From g3, the bishop
will cover the crucial c7 square.} 39. Ba5+ Kc8 40. Be8 ({There ws no win by} 
40. Ba6+ Kb8 41. c6 {ввиду} Bg3 $1) 40... Nf6 {A further inaccuracy.} ({
Better was} 40... Bd8 $1 41. Be1 Nf6 {and now} 42. Bf7 {is ineffective because
of} Kd7 {But only those who have never been in his situation could criticise
the Dutch player - after time-trouble ends, one's hands are shaking and one's
head is spinning.}) 41. Bf7 {Now Black is losing a pawn.} Kd7 42. c6+ Kxc6 43.
Bxe6 {F5 must drop. A new phase of the battle is beginning. With two bishops
and an extra pawn, White ahs winning chances, at least in practice. It is
certainly the best position Morozevich has had in the whole game.} Ne4 44. Bxf5
Nd6 {A good set-up. Black sits tight and waits for White to attempt something.}
45. Bg4 Nc4 46. Bc3 Nd6 ({It seems he can draw by} 46... Bf2 47. e4 Ne3 $1 {
but the resulting variations are too difficult for a tired player to work out.}
) 47. Bf3 Bf2 48. Bd2 Nc4 $2 {The last tragic oversight in this game. By
simply moving his bishop to and fro, Black can hold.} 49. Bxd5+ $1 {Winning a
pawn and the game. One can only synpathise with Smeets, whose nerves failed
him.} 1-0

[Event "Dilijan FIDE GP (Women)"]
[Site "Dilijan"]
[Date "2013.06.23"]
[Round "7"]
[White "Khotenashvili, Bela"]
[Black "Girya, Olga"]
[Result "1/2-1/2"]
[WhiteElo "2531"]
[BlackElo "2436"]
[Annotator "CB"]
[PlyCount "113"]
[EventDate "2013.06.16"]
[EventType "tourn"]
[EventRounds "11"]
[EventCountry "ARM"]
[EventCategory "11"]
[SourceTitle "CBM 155"]
[Source "ChessBase"]
[SourceDate "2013.07.16"]
[SourceVersion "1"]
[SourceVersionDate "2013.07.16"]
[SourceQuality "1"]

{The winner of the previous Women's Grand Prix is not having a good tournament
and her performance here is well below her normal level. After the opening she
found herself in a position where her opponent had an extra pawn and solid
control over the e-file.} 1. Nf3 d5 2. g3 Bg4 3. Bg2 c6 4. c4 e6 5. O-O Nf6 6.
d4 Nbd7 7. Nc3 Be7 8. Re1 O-O 9. e4 dxc4 10. Bf4 b5 11. Qe2 Nb6 12. Rad1 Qc8
13. h3 Bxf3 14. Bxf3 b4 15. Nb1 Rd8 16. g4 c5 17. g5 Ne8 18. d5 exd5 19. exd5
Bd6 20. Bg4 Qc7 21. Be3 Bf4 22. Qf3 Bxe3 23. Rxe3 Nd6 24. Rde1 Re8 25. Nd2 Rxe3
26. Rxe3 Re8 27. Nf1 Rxe3 28. Nxe3 Qe7 29. Qf4 g6 30. h4 Na4 31. b3 cxb3 32.
axb3 Nc3 33. Nc4 Ncb5 (33... Qe4 $1 {forcing White to trade the queens as} 34.
Qxd6 Qxg4+ 35. Kf1 Qh3+ 36. Ke1 Qh1+ 37. Kd2 Ne4+ {loses immediately.}) 34. Ne5
Nd4 35. Nc6 Nxc6 36. dxc6 {and this pawn became a real distraction for Black.}
Qc7 37. Bf3 Nb5 38. Qc4 Nd4 39. Bd5 Qd6 40. Bxf7+ Kg7 41. Bd5 Nxc6 42. Qe4 Ne5
43. Kg2 a5 44. f4 Nf7 45. h5 gxh5 46. Bxf7 Kxf7 47. Qxh7+ Kf8 48. Qh8+ Ke7 49.
Qg7+ Ke8 50. Qg8+ Ke7 51. Qh7+ Kf8 52. Qh8+ Ke7 53. Qg7+ Ke8 54. Qg8+ Ke7 55.
Qg7+ Ke8 56. Qg8+ Ke7 57. Qg7+ 1/2-1/2

[Event "FIDE World Cup"]
[Site "Baku"]
[Date "2015.09.13"]
[Round "1.4"]
[White "Gelfand, Boris"]
[Black "Henriquez Villagra, Cristobal"]
[Result "0-1"]
[WhiteElo "2741"]
[BlackElo "2511"]
[Annotator "CB"]
[PlyCount "86"]
[EventDate "2015.09.11"]
[EventType "k.o."]
[EventRounds "7"]
[EventCountry "AZE"]
[SourceTitle "CBM 169"]
[Source "ChessBase"]
[SourceDate "2015.11.10"]
[SourceVersion "1"]
[SourceVersionDate "2015.11.10"]
[SourceQuality "1"]

1. d4 d5 2. c4 c6 3. Nf3 Nf6 4. e3 Bg4 5. h3 Bxf3 6. Qxf3 e6 7. Bd3 Bb4+ 8. Nc3
Nbd7 9. a3 Bxc3+ 10. bxc3 O-O 11. O-O Qa5 12. Bd2 e5 13. cxd5 cxd5 14. Qd1 Qc7
15. Qb3 e4 16. Be2 Nb6 17. Rfb1 Rab8 18. a4 Nc4 19. Be1 Rfc8 20. Qa2 b6 21. Rb4
Qc6 22. Rab1 Ne8 23. Bxc4 dxc4 {[#] Weiß hat gegen das stocksolide schwarze
Spiel nicht viel heraus geholt und entschließt sich nun, die Partie zu
komplizieren.} 24. f3 exf3 25. Bg3 Rb7 26. Be5 Re7 27. a5 bxa5 28. Rb5 Qg6 29.
Rxa5 Qd3 {Mit Gewinnstellung. Es droht Dxe3 oder Dxc3 oder auch f6 und g5.} 30.
Ra3 f6 (30... Qxe3+ 31. Qf2 Qd3 32. Rf1 fxg2 33. Qxg2 {ist weniger klar.}) 31.
Bf4 g5 32. Bg3 Rxe3 33. Re1 Re2 (33... fxg2 {mit der Idee} 34. Rxe3 Qf1+ 35.
Kh2 Qh1#) 34. Rxe2 fxe2 35. Bf2 Qd1+ 36. Kh2 Qf1 37. Bg3 e1=Q {[#]} 38. Bxe1
Qxe1 39. Rxa7 {Mit Mehrfigur ist der Rest einfach.} Qe6 40. Qb1 Rc7 41. Ra8 Re7
42. Qb4 Kg7 43. Rd8 Qe3 0-1